[Event "DEM U12 2025"]
[Site "Willingen GER"]
[Date "2025.06.11"]
[Round "5"]
[White "Shneider, Illia"]
[Black "Martin Fernandez, Félix"]
[Result "1/2-1/2"]
[Termination "normal"]
[Board "27"]
[WhiteElo "1799"]
[BlackElo "1723"]
[WhiteClock "00:50:10"]
[BlackClock "00:29:25"]
[PlyCount "117"]
[WhiteFideId "34166300"]
[BlackFideId "34605622"]
[EventCountry "GER"]
[EventRounds "9"]
[EventType "swiss"]
[EventDate "2025.06.07"]

1. e4 {[%clk 01:30:53]} {[%emt 00:00:07]} c5 {[%clk 01:30:54]} {[%emt
00:00:08]} 2. d3 {[%clk 01:31:14]} {[%emt 00:00:08]} Nc6 {[%clk 01:31:14]}
{[%emt 00:00:10]} 3. Nf3 {[%clk 01:31:34]} {[%emt 00:00:10]} d6 {[%clk
01:31:33]} {[%emt 00:00:11]} 4. g3 {[%clk 01:31:56]} {[%emt 00:00:07]} Nf6
{[%clk 01:31:53]} {[%emt 00:00:10]} 5. Bg2 {[%clk 01:32:20]} {[%emt 00:00:05]}
g6 {[%clk 01:32:18]} {[%emt 00:00:06]} 6. O-O {[%clk 01:32:39]} {[%emt
00:00:09]} Bg7 {[%clk 01:32:47]} {[%emt 00:00:04]} 7. c3 {[%clk 01:32:57]}
{[%emt 00:00:11]} O-O {[%clk 01:33:10]} {[%emt 00:00:07]} 8. Re1 {[%clk
01:33:20]} {[%emt 00:00:06]} e5 {[%clk 01:33:24]} {[%emt 00:00:17]} 9. Na3
{[%clk 01:32:46]} {[%emt 00:01:04]} Rb8 {[%clk 01:30:19]} {[%emt 00:03:35]} 10.
h3 {[%clk 01:32:51]} {[%emt 00:00:23]} b5 {[%emt 00:02:41]} 11. Be3 {[%clk
01:32:58]} {[%emt 00:00:01]} Qc7 {[%clk 01:23:19]} {[%emt 00:05:42]} 12. Qd2
{[%clk 01:33:06]} {[%emt 00:00:22]} Be6 {[%clk 01:23:01]} {[%emt 00:00:47]} 13.
Ng5 {[%clk 01:32:40]} {[%emt 00:00:56]} Bd7 {[%clk 01:22:33]} {[%emt 00:00:59]}
14. Rac1 {[%clk 01:32:46]} {[%emt 00:00:24]} Qa5 {[%clk 01:15:30]} {[%emt
00:07:33]} 15. Rc2 {[%clk 01:27:04]} {[%emt 00:06:23]} Rfc8 {[%clk 01:09:58]}
{[%emt 00:05:51]} 16. f4 {[%clk 01:10:57]} {[%emt 00:16:38]} exf4 {[%clk
01:07:01]} {[%emt 00:03:30]} 17. Bxf4 {[%clk 01:10:36]} {[%emt 00:00:49]} Bf8
{[%clk 00:50:59]} {[%emt 00:16:29]} 18. Qf2 {[%clk 01:10:38]} {[%emt 00:00:27]}
Qd8 {[%clk 00:35:37]} {[%emt 00:15:53]} 19. Rf1 {[%clk 01:06:06]} {[%emt
00:05:02]} Rb6 {[%clk 00:26:51]} {[%emt 00:09:17]} 20. d4 {[%clk 00:58:39]}
{[%emt 00:07:56]} cxd4 {[%clk 00:21:03]} {[%emt 00:06:18]} 21. cxd4 {[%clk
00:58:48]} {[%emt 00:00:20]} d5 {[%clk 00:14:59]} {[%emt 00:06:37]} 22. e5
{[%clk 00:58:42]} {[%emt 00:00:35]} Nxd4 {[%clk 00:15:20]} {[%emt 00:00:10]}
23. Qxd4 {[%clk 00:58:34]} {[%emt 00:00:38]} Rxc2 {[%clk 00:15:32]} {[%emt
00:00:18]} 24. Nxc2 {[%clk 00:58:56]} {[%emt 00:00:08]} Rc6 {[%clk 00:15:41]}
{[%emt 00:00:21]} 25. Qf2 {[%clk 00:58:55]} {[%emt 00:00:30]} Bf5 {[%clk
00:12:16]} {[%emt 00:04:01]} 26. Nd4 {[%clk 00:58:37]} {[%emt 00:00:43]} Bc5
{[%clk 00:12:20]} {[%emt 00:00:25]} 27. Be3 {[%clk 00:58:58]} {[%emt 00:00:09]}
Bxd4 {[%clk 00:12:36]} {[%emt 00:00:16]} 28. Bxd4 {[%clk 00:59:17]} {[%emt
00:00:10]} Rc2 {[%clk 00:13:00]} {[%emt 00:00:06]} 29. Qf3 {[%clk 00:58:00]}
{[%emt 00:01:46]} Ne4 {[%clk 00:10:06]} {[%emt 00:03:24]} 30. Nxe4 {[%clk
00:58:02]} {[%emt 00:00:29]} dxe4 {[%clk 00:10:26]} {[%emt 00:00:10]} 31. Qe3
{[%clk 00:57:58]} {[%emt 00:00:34]} Qd7 {[%clk 00:10:20]} {[%emt 00:00:36]} 32.
g4 {[%clk 00:58:09]} {[%emt 00:00:19]} Be6 {[%clk 00:10:20]} {[%emt 00:00:30]}
33. Qxe4 {[%clk 00:58:15]} {[%emt 00:00:24]} Rxg2+ {[%clk 00:10:40]} {[%emt
00:00:14]} 34. Qxg2 {[%clk 00:58:27]} {[%emt 00:00:14]} Qxd4+ {[%clk 00:11:06]}
{[%emt 00:00:03]} 35. Qf2 {[%clk 00:58:29]} {[%emt 00:00:29]} Qxe5 {[%clk
00:10:22]} {[%emt 00:01:13]} 36. Rd1 {[%clk 00:58:34]} {[%emt 00:00:26]} Kg7
{[%clk 00:08:42]} {[%emt 00:02:10]} 37. Qd4 {[%clk 00:58:33]} {[%emt 00:00:31]}
Qxd4+ {[%clk 00:09:08]} {[%emt 00:00:03]} 38. Rxd4 {[%clk 00:58:58]} {[%emt
00:00:05]} Bxa2 {[%clk 00:09:37]} {[%emt 00:00:03]} 39. Rd7 {[%clk 00:59:12]}
{[%emt 00:00:16]} a5 {[%clk 00:09:57]} {[%emt 00:00:10]} 40. g5 {[%clk
00:59:17]} {[%emt 00:00:24]} Be6 {[%clk 00:07:23]} {[%emt 00:03:03]} 41. Ra7
{[%clk 00:59:37]} {[%emt 00:00:10]} Bxh3 {[%clk 00:06:11]} {[%emt 00:01:42]}
42. Rxa5 {[%clk 00:59:55]} {[%emt 00:00:13]} Bd7 {[%clk 00:06:33]} {[%emt
00:00:08]} 43. Ra7 {[%clk 01:00:19]} {[%emt 00:00:06]} Be6 {[%clk 00:06:39]}
{[%emt 00:00:25]} 44. Rb7 {[%clk 01:00:21]} {[%emt 00:00:28]} Bc4 {[%clk
00:07:02]} {[%emt 00:00:07]} 45. Kf2 {[%clk 01:00:22]} {[%emt 00:00:28]} h5
{[%clk 00:06:44]} {[%emt 00:00:49]} 46. gxh6+ {[%clk 00:59:58]} {[%emt
00:00:54]} Kxh6 {[%clk 00:07:05]} {[%emt 00:00:14]} 47. Kg3 {[%clk 01:00:20]}
{[%emt 00:00:03]} f5 {[%clk 00:06:44]} {[%emt 00:00:50]} 48. Kf4 {[%clk
01:00:31]} {[%emt 00:00:19]} Bd3 {[%clk 00:06:05]} {[%emt 00:01:10]} 49. Ke3
{[%clk 00:55:50]} {[%emt 00:05:10]} Bc4 {[%clk 00:06:30]} {[%emt 00:00:07]} 50.
Kf4 {[%clk 00:55:46]} {[%emt 00:00:33]} Bd3 {[%clk 00:06:55]} {[%emt 00:00:04]}
51. Rb6 {[%clk 00:55:21]} {[%emt 00:00:55]} Kh5 {[%emt 00:05:00]} 52. Rb8
{[%clk 00:55:20]} {[%emt 00:00:30]} g5+ {[%clk 00:02:45]} {[%emt 00:00:12]} 53.
Kg3 {[%clk 00:55:32]} {[%emt 00:00:18]} f4+ {[%clk 00:01:11]} {[%emt 00:02:03]}
54. Kf3 {[%clk 00:55:51]} {[%emt 00:00:11]} Bc4 {[%clk 00:29:42]} {[%emt
00:01:59]} 55. Rb6 {[%clk 01:24:39]} {[%emt 00:01:42]} Bd5+ {[%clk 00:28:19]}
{[%emt 00:01:54]} 56. Kf2 {[%clk 01:24:57]} {[%emt 00:00:11]} Bc4 {[%clk
00:28:33]} {[%emt 00:00:16]} 57. Kf3 {[%clk 01:14:08]} {[%emt 00:11:19]} Bd5+
{[%clk 00:28:58]} {[%emt 00:00:05]} 58. Kf2 {[%clk 01:14:25]} {[%emt 00:00:13]}
Bc4 {[%clk 00:29:25]} {[%emt 00:00:03]} 59. Kf3 {[%clk 00:50:10]} {[%emt
00:24:45]} 1/2-1/2

[Event "DEM U12 2025"]
[Site "Willingen GER"]
[Date "2025.06.11"]
[Round "5"]
[White "Ishcenko, Volodymyr"]
[Black "Poladli, Firuz"]
[Result "1-0"]
[Termination "normal"]
[Board "28"]
[WhiteElo "1528"]
[BlackElo "1584"]
[WhiteClock "00:01:43"]
[BlackClock "01:13:03"]
[PlyCount "53"]
[WhiteFideId "34660208"]
[BlackFideId "13471236"]
[EventCountry "GER"]
[EventRounds "9"]
[EventType "swiss"]
[EventDate "2025.06.07"]

1. e4 {[%clk 01:30:56]} {[%emt 00:00:04]} e5 {[%clk 01:30:55]} {[%emt
00:00:05]} 2. Nf3 {[%clk 01:31:20]} {[%emt 00:00:06]} Nc6 {[%clk 01:31:17]}
{[%emt 00:00:09]} 3. Bc4 {[%clk 01:30:50]} {[%emt 00:01:00]} Bc5 {[%clk
01:31:39]} {[%emt 00:00:08]} 4. c3 {[%clk 01:28:52]} {[%emt 00:02:28]} Nf6
{[%clk 01:31:58]} {[%emt 00:00:09]} 5. d4 {[%clk 01:28:57]} {[%emt 00:00:26]}
exd4 {[%clk 01:32:16]} {[%emt 00:00:12]} 6. cxd4 {[%clk 01:17:27]} {[%emt
00:12:01]} Bb4+ {[%clk 01:32:33]} {[%emt 00:00:13]} 7. Nc3 {[%clk 01:17:46]}
{[%emt 00:00:10]} Nxe4 {[%clk 01:32:14]} {[%emt 00:00:49]} 8. O-O {[%clk
01:18:09]} {[%emt 00:00:09]} Bxc3 {[%clk 01:32:37]} {[%emt 00:00:05]} 9. d5
{[%clk 01:18:15]} {[%emt 00:00:25]} O-O {[%clk 01:32:33]} {[%emt 00:00:33]} 10.
bxc3 {[%clk 00:46:33]} {[%emt 00:32:13]} Na5 {[%clk 01:30:51]} {[%emt
00:02:11]} 11. Bd3 {[%clk 00:44:27]} {[%emt 00:02:33]} Nc5 {[%clk 01:30:05]}
{[%emt 00:01:19]} 12. Bxh7+ {[%clk 00:22:40]} {[%emt 00:22:17]} Kh8 {[%clk
01:26:57]} {[%emt 00:03:36]} 13. Ng5 {[%clk 00:15:01]} {[%emt 00:08:08]} g6
{[%clk 01:24:56]} {[%emt 00:02:34]} 14. Qd4+ {[%clk 00:09:12]} {[%emt
00:06:19]} f6 {[%clk 01:25:04]} {[%emt 00:00:21]} 15. Bxg6 {[%clk 00:00:33]}
{[%emt 00:09:12]} Kg7 {[%clk 01:24:22]} {[%emt 00:01:09]} 16. Nf7 {[%clk
00:00:32]} {[%emt 00:00:32]} Qe7 {[%clk 01:22:35]} {[%emt 00:02:16]} 17. Qg4
{[%clk 00:00:32]} {[%emt 00:00:30]} Rxf7 {[%clk 01:21:36]} {[%emt 00:01:30]}
18. Bh6+ {[%clk 00:00:33]} {[%emt 00:00:29]} Kh8 {[%clk 01:20:18]} {[%emt
00:01:46]} 19. Rfe1 {[%clk 00:00:32]} {[%emt 00:00:33]} Ne6 {[%clk 01:19:25]}
{[%emt 00:01:24]} 20. Bxf7 {[%clk 00:00:32]} {[%emt 00:00:29]} Qxf7 {[%clk
01:19:34]} {[%emt 00:00:20]} 21. dxe6 {[%clk 00:00:43]} {[%emt 00:00:20]} dxe6
{[%clk 01:19:51]} {[%emt 00:00:11]} 22. Qh4 {[%clk 00:00:33]} {[%emt 00:00:41]}
Qg6 {[%clk 01:19:31]} {[%emt 00:00:48]} 23. Re3 {[%clk 00:00:32]} {[%emt
00:00:33]} Nc6 {[%clk 01:16:12]} {[%emt 00:03:51]} 24. Rg3 {[%clk 00:00:39]}
{[%emt 00:00:22]} Qf5 {[%clk 01:13:32]} {[%emt 00:03:00]} 25. Bg7+ {[%clk
00:00:53]} {[%emt 00:00:26]} Kg8 {[%clk 01:13:19]} {[%emt 00:00:43]} 26. Qh8+
{[%clk 00:01:16]} {[%emt 00:00:07]} Kf7 {[%clk 01:13:03]} {[%emt 00:00:38]} 27.
Qf8# {[%clk 00:01:43]} {[%emt 00:00:11]} 1-0

[Event "DEM U12 2025"]
[Site "Willingen GER"]
[Date "2025.06.11"]
[Round "5"]
[White "Brückner, Julian"]
[Black "Rusch, Levi Adrian"]
[Result "1/2-1/2"]
[Termination "normal"]
[Board "29"]
[WhiteElo "1802"]
[BlackElo "1660"]
[WhiteClock "00:25:52"]
[BlackClock "00:25:56"]
[PlyCount "69"]
[WhiteFideId "34630031"]
[BlackFideId "34660224"]
[EventCountry "GER"]
[EventRounds "9"]
[EventType "swiss"]
[EventDate "2025.06.07"]

1. e4 {[%clk 01:30:55]} {[%emt 00:00:04]} e6 {[%clk 01:30:59]} {[%emt
00:00:02]} 2. d4 {[%clk 01:31:18]} {[%emt 00:00:07]} d5 {[%clk 01:31:27]}
{[%emt 00:00:02]} 3. Nd2 {[%clk 01:31:36]} {[%emt 00:00:11]} c5 {[%clk
01:31:42]} {[%emt 00:00:15]} 4. exd5 {[%clk 01:31:58]} {[%emt 00:00:09]} exd5
{[%clk 01:32:06]} {[%emt 00:00:05]} 5. Ngf3 {[%clk 01:31:57]} {[%emt 00:00:30]}
Nc6 {[%clk 01:31:12]} {[%emt 00:01:25]} 6. Bb5 {[%clk 01:32:05]} {[%emt
00:00:21]} Nf6 {[%clk 01:31:05]} {[%emt 00:00:37]} 7. O-O {[%clk 01:31:41]}
{[%emt 00:00:54]} cxd4 {[%clk 01:28:28]} {[%emt 00:03:08]} 8. Nxd4 {[%clk
01:29:58]} {[%emt 00:02:13]} Bd7 {[%clk 01:27:52]} {[%emt 00:01:05]} 9. Re1+
{[%clk 01:27:23]} {[%emt 00:03:05]} Be7 {[%clk 01:28:10]} {[%emt 00:00:12]} 10.
N2f3 {[%clk 01:26:11]} {[%emt 00:01:41]} O-O {[%clk 01:24:16]} {[%emt
00:04:25]} 11. Bf4 {[%clk 01:15:35]} {[%emt 00:11:03]} Ne4 {[%clk 01:22:08]}
{[%emt 00:02:41]} 12. Bxc6 {[%clk 01:11:14]} {[%emt 00:04:51]} Bxc6 {[%clk
01:21:21]} {[%emt 00:01:17]} 13. Ne5 {[%clk 01:11:21]} {[%emt 00:00:21]} Bc5
{[%clk 01:19:10]} {[%emt 00:02:42]} 14. Be3 {[%clk 01:04:16]} {[%emt 00:07:32]}
Qb6 {[%clk 01:14:30]} {[%emt 00:05:13]} 15. Ndxc6 {[%clk 01:00:06]} {[%emt
00:04:39]} Nxf2 {[%clk 00:59:09]} {[%emt 00:15:52]} 16. Kxf2 {[%clk 01:00:15]}
{[%emt 00:00:21]} Rfe8 {[%clk 00:58:25]} {[%emt 00:01:15]} 17. Qf3 {[%clk
00:59:44]} {[%emt 00:00:58]} bxc6 {[%clk 00:56:17]} {[%emt 00:02:39]} 18. Nd3
{[%clk 00:50:38]} {[%emt 00:09:35]} Bxe3+ {[%emt 00:04:37]} 19. Rxe3 {[%clk
00:50:54]} {[%emt 00:00:12]} Re6 {[%clk 00:52:31]} {[%emt 00:00:12]} 20. Rae1
{[%clk 00:50:38]} {[%emt 00:00:45]} Rf6 {[%clk 00:51:59]} {[%emt 00:01:02]} 21.
Nf4 {[%clk 00:49:24]} {[%emt 00:01:41]} g5 {[%clk 00:51:37]} {[%emt 00:00:55]}
22. g3 {[%clk 00:45:54]} {[%emt 00:03:59]} gxf4 {[%clk 00:47:34]} {[%emt
00:04:35]} 23. gxf4 {[%clk 00:46:14]} {[%emt 00:00:08]} d4 {[%clk 00:44:35]}
{[%emt 00:03:30]} 24. Re8+ {[%clk 00:42:30]} {[%emt 00:04:14]} Rxe8 {[%clk
00:44:32]} {[%emt 00:00:34]} 25. Rxe8+ {[%clk 00:42:49]} {[%emt 00:00:11]} Kg7
{[%clk 00:44:59]} {[%emt 00:00:04]} 26. Qg3+ {[%clk 00:42:16]} {[%emt
00:01:02]} Rg6 {[%clk 00:45:08]} {[%emt 00:00:20]} 27. Qb3 {[%clk 00:41:21]}
{[%emt 00:01:23]} c5 {[%clk 00:37:06]} {[%emt 00:08:36]} 28. Qd5 {[%clk
00:34:25]} {[%emt 00:07:25]} Qxb2 {[%clk 00:32:23]} {[%emt 00:05:14]} 29. Qxc5
{[%clk 00:34:32]} {[%emt 00:00:23]} d3 {[%clk 00:30:28]} {[%emt 00:02:26]} 30.
Qf8+ {[%clk 00:34:33]} {[%emt 00:00:27]} Kf6 {[%clk 00:29:52]} {[%emt
00:01:08]} 31. Qd6+ {[%clk 00:34:39]} {[%emt 00:00:22]} Kg7 {[%clk 00:28:54]}
{[%emt 00:01:30]} 32. Qxd3 {[%clk 00:34:14]} {[%emt 00:00:54]} Qc1 {[%clk
00:27:42]} {[%emt 00:01:42]} 33. Qc3+ {[%clk 00:32:23]} {[%emt 00:02:18]} Kh6
{[%clk 00:25:35]} {[%emt 00:02:41]} 34. Qh3+ {[%clk 00:26:26]} {[%emt
00:06:25]} Kg7 {[%clk 00:25:56]} {[%emt 00:00:11]} 35. Qc3+ {[%clk 00:25:52]}
{[%emt 00:01:04]} 1/2-1/2

[Event "DEM U12 2025"]
[Site "Willingen GER"]
[Date "2025.06.11"]
[Round "5"]
[White "Obermair, Hannes"]
[Black "König, Lian"]
[Result "1-0"]
[Termination "normal"]
[Board "30"]
[WhiteElo "1663"]
[BlackElo "1450"]
[WhiteClock "00:00:37"]
[BlackClock "00:00:34"]
[PlyCount "113"]
[WhiteFideId "34640509"]
[BlackFideId "34660216"]
[EventCountry "GER"]
[EventRounds "9"]
[EventType "swiss"]
[EventDate "2025.06.07"]

1. c4 {[%clk 01:30:59]} c5 {[%clk 01:30:54]} {[%emt 00:00:06]} 2. Nc3 {[%clk
01:31:25]} {[%emt 00:00:05]} g6 {[%clk 01:31:14]} {[%emt 00:00:09]} 3. g3
{[%clk 01:31:47]} {[%emt 00:00:08]} Bg7 {[%clk 01:31:38]} {[%emt 00:00:06]} 4.
Bg2 {[%clk 01:32:13]} {[%emt 00:00:05]} Nc6 {[%clk 01:31:55]} {[%emt 00:00:13]}
5. e3 {[%clk 01:31:47]} {[%emt 00:00:55]} d6 {[%clk 01:31:53]} {[%emt
00:00:32]} 6. Nge2 {[%clk 01:32:00]} {[%emt 00:00:16]} Nf6 {[%clk 01:32:11]}
{[%emt 00:00:13]} 7. O-O {[%clk 01:32:09]} {[%emt 00:00:20]} O-O {[%clk
01:32:36]} {[%emt 00:00:05]} 8. d4 {[%clk 01:32:13]} {[%emt 00:00:26]} Bd7
{[%clk 01:29:05]} {[%emt 00:04:01]} 9. b3 {[%clk 01:26:59]} {[%emt 00:05:45]}
Qc8 {[%clk 01:22:06]} {[%emt 00:07:28]} 10. Re1 {[%clk 01:21:08]} {[%emt
00:06:21]} Bh3 {[%clk 01:15:34]} {[%emt 00:07:03]} 11. Bb2 {[%clk 01:10:36]}
{[%emt 00:11:01]} Bxg2 {[%clk 01:12:16]} {[%emt 00:03:47]} 12. Kxg2 {[%clk
01:10:26]} {[%emt 00:00:41]} a6 {[%clk 01:07:54]} {[%emt 00:04:52]} 13. Na4
{[%clk 00:51:27]} {[%emt 00:19:29]} Nd7 {[%clk 01:03:25]} {[%emt 00:04:59]} 14.
dxc5 {[%clk 00:47:19]} {[%emt 00:04:38]} Bxb2 {[%clk 00:58:55]} {[%emt
00:05:00]} 15. Nxb2 {[%clk 00:46:17]} {[%emt 00:01:32]} Nxc5 {[%clk 00:58:35]}
{[%emt 00:00:50]} 16. h4 {[%clk 00:44:31]} {[%emt 00:02:16]} Qd7 {[%clk
00:48:14]} {[%emt 00:10:53]} 17. Nf4 {[%clk 00:40:03]} {[%emt 00:04:57]} Rae8
{[%clk 00:40:00]} {[%emt 00:08:43]} 18. Rh1 {[%clk 00:37:11]} {[%emt 00:03:23]}
Qf5 {[%clk 00:34:28]} {[%emt 00:06:03]} 19. Qe2 {[%clk 00:25:13]} {[%emt
00:12:28]} Qd7 {[%clk 00:26:17]} {[%emt 00:08:23]} 20. h5 {[%clk 00:24:49]}
{[%emt 00:01:14]} Kg7 {[%clk 00:20:01]} {[%emt 00:06:45]} 21. Qc2 {[%clk
00:22:10]} {[%emt 00:03:07]} e5 {[%clk 00:18:03]} {[%emt 00:02:31]} 22. Nd5
{[%clk 00:20:58]} {[%emt 00:01:42]} Ne7 {[%clk 00:16:53]} {[%emt 00:01:41]} 23.
h6+ {[%clk 00:20:58]} {[%emt 00:00:29]} Kh8 {[%clk 00:17:07]} {[%emt 00:00:16]}
24. Nf6 {[%clk 00:21:14]} {[%emt 00:00:14]} Qc6+ {[%clk 00:17:10]} {[%emt
00:00:24]} 25. e4 {[%clk 00:18:39]} {[%emt 00:03:07]} Rd8 {[%clk 00:16:42]}
{[%emt 00:00:59]} 26. Kh2 {[%clk 00:16:27]} {[%emt 00:02:41]} Ng8 {[%clk
00:14:27]} {[%emt 00:02:46]} 27. Nxg8 {[%clk 00:14:18]} {[%emt 00:02:39]} Kxg8
{[%clk 00:14:48]} {[%emt 00:00:09]} 28. Rhe1 {[%clk 00:13:37]} {[%emt
00:01:10]} Nd7 {[%clk 00:14:09]} {[%emt 00:01:10]} 29. Nd3 {[%clk 00:13:05]}
{[%emt 00:01:02]} Nf6 {[%clk 00:13:43]} {[%emt 00:00:56]} 30. Qe2 {[%clk
00:13:04]} {[%emt 00:00:30]} Qc8 {[%clk 00:13:18]} {[%emt 00:00:53]} 31. Rh1
{[%clk 00:12:41]} {[%emt 00:00:54]} Qc6 {[%clk 00:13:02]} {[%emt 00:00:48]} 32.
Rae1 {[%clk 00:12:50]} {[%emt 00:00:20]} Nd7 {[%clk 00:12:24]} {[%emt
00:01:08]} 33. Nb4 {[%clk 00:12:44]} {[%emt 00:00:37]} Qc5 {[%clk 00:12:21]}
{[%emt 00:00:32]} 34. Nd5 {[%clk 00:12:51]} {[%emt 00:00:24]} f5 {[%clk
00:08:55]} {[%emt 00:03:55]} 35. exf5 {[%clk 00:11:47]} {[%emt 00:01:35]} gxf5
{[%clk 00:09:07]} {[%emt 00:00:17]} 36. Rd1 {[%clk 00:06:29]} {[%emt 00:05:48]}
Kh8 {[%clk 00:06:59]} {[%emt 00:02:39]} 37. b4 {[%clk 00:03:13]} {[%emt
00:03:45]} Qc6 {[%clk 00:04:05]} {[%emt 00:03:25]} 38. Ne7 {[%clk 00:02:19]}
{[%emt 00:01:24]} Qc7 {[%clk 00:02:42]} {[%emt 00:01:51]} 39. Qd3 {[%clk
00:01:06]} {[%emt 00:01:45]} Nf6 {[%clk 00:00:36]} {[%emt 00:02:36]} 40. Nxf5
{[%clk 00:00:37]} {[%emt 00:00:58]} Ng4+ {[%clk 00:00:34]} {[%emt 00:00:33]}
41. Kg1 {[%clk 00:28:02]} {[%emt 00:03:03]} Qb6 {[%clk 00:27:47]} {[%emt
00:03:20]} 42. Rd2 {[%clk 00:17:33]} {[%emt 00:10:59]} Rf7 {[%clk 00:21:20]}
{[%emt 00:06:57]} 43. Rh4 {[%clk 00:12:25]} {[%emt 00:05:36]} Rdf8 {[%clk
00:13:39]} {[%emt 00:08:12]} 44. Rxg4 {[%clk 00:11:18]} {[%emt 00:01:37]} Rxf5
{[%clk 00:13:57]} {[%emt 00:00:12]} 45. Qxd6 {[%clk 00:08:50]} {[%emt
00:02:58]} Qxd6 {[%clk 00:14:06]} {[%emt 00:00:22]} 46. Rxd6 {[%clk 00:06:21]}
{[%emt 00:02:59]} Rxf2 {[%clk 00:14:26]} {[%emt 00:00:09]} 47. Rd8 {[%clk
00:04:58]} {[%emt 00:01:52]} Rxd8 {[%clk 00:13:05]} {[%emt 00:01:52]} 48. Kxf2
{[%clk 00:05:18]} {[%emt 00:00:11]} Rd2+ {[%clk 00:09:22]} {[%emt 00:04:12]}
49. Ke3 {[%clk 00:05:26]} {[%emt 00:00:22]} Rxa2 {[%clk 00:08:51]} {[%emt
00:01:01]} 50. Kd3 {[%clk 00:04:42]} {[%emt 00:01:15]} Rf2 {[%clk 00:07:07]}
{[%emt 00:02:13]} 51. Rg7 {[%clk 00:03:54]} {[%emt 00:01:17]} Rf6 {[%clk
00:06:15]} {[%emt 00:01:24]} 52. Rxb7 {[%clk 00:03:41]} {[%emt 00:00:43]} Rxh6
{[%clk 00:05:57]} {[%emt 00:00:48]} 53. c5 {[%clk 00:03:45]} {[%emt 00:00:25]}
Re6 {[%clk 00:05:01]} {[%emt 00:01:26]} 54. Rb6 {[%clk 00:03:38]} {[%emt
00:00:38]} e4+ {[%clk 00:04:59]} {[%emt 00:00:32]} 55. Ke3 {[%clk 00:03:54]}
{[%emt 00:00:12]} Re7 {[%clk 00:03:45]} {[%emt 00:01:45]} 56. Rxa6 {[%clk
00:04:05]} {[%emt 00:00:20]} Kg8 {[%clk 00:03:31]} {[%emt 00:00:44]} 57. b5
{[%clk 00:03:47]} {[%emt 00:00:47]} Kf7 {[%clk 00:02:49]} {[%emt 00:01:12]} 58.
c6 {[%clk 00:03:35]} {[%emt 00:00:43]} Rc7 {[%clk 00:02:09]} {[%emt 00:01:09]}
59. Rb6 {[%clk 00:03:07]} {[%emt 00:00:58]} Rc8 {[%clk 00:02:07]} {[%emt
00:00:31]} 60. Rb7+ {[%clk 00:03:03]} {[%emt 00:00:35]} Ke6 {[%clk 00:01:36]}
{[%emt 00:01:00]} 61. Kxe4 {[%clk 00:02:58]} {[%emt 00:00:35]} h6 {[%clk
00:01:17]} {[%emt 00:00:49]} 62. c7 {[%clk 00:02:32]} {[%emt 00:00:56]} Kd7
{[%clk 00:00:42]} {[%emt 00:01:05]} 63. b6 {[%emt 00:00:41]} Re8+ {[%clk
00:01:03]} 64. Kd4 {[%clk 00:02:10]} {[%emt 00:00:50]} Re1 {[%clk 00:01:03]}
{[%emt 00:00:30]} 65. Rb8 {[%clk 00:02:19]} {[%emt 00:00:21]} Rd1+ {[%clk
00:01:18]} {[%emt 00:00:14]} 66. Ke3 {[%clk 00:02:18]} {[%emt 00:00:31]} Rc1
{[%clk 00:00:49]} {[%emt 00:01:01]} 67. c8=Q+ {[%clk 00:02:15]} {[%emt
00:00:33]} 1-0